|
|
|
|
| LEADER |
04076nam a2200409 a 4500 |
| 001 |
EBC3317516 |
| 003 |
MiAaPQ |
| 005 |
20200520144314.0 |
| 006 |
m o d | |
| 007 |
cr cn||||||||| |
| 008 |
090630s2010 dcuad sb 001 0 eng d |
| 010 |
|
|
|z 2009026573
|
| 020 |
|
|
|z 9781597266611
|
| 020 |
|
|
|z 1597266612
|
| 020 |
|
|
|z 9781597266628 (pbk.)
|
| 020 |
|
|
|z 1597266620 (pbk.)
|
| 020 |
|
|
|a 9781610911412 (electronic bk.)
|
| 035 |
|
|
|a (MiAaPQ)EBC3317516
|
| 035 |
|
|
|a (Au-PeEL)EBL3317516
|
| 035 |
|
|
|a (CaPaEBR)ebr10493905
|
| 035 |
|
|
|a (OCoLC)923187729
|
| 040 |
|
|
|a MiAaPQ
|c MiAaPQ
|d MiAaPQ
|
| 050 |
|
4 |
|a HB849.415
|b .P58 2010
|
| 082 |
0 |
4 |
|a 304.6
|2 22
|
| 245 |
0 |
2 |
|a A pivotal moment
|h [electronic resource] :
|b population, justice, and the environmental challenge /
|c edited by Laurie Mazur.
|
| 260 |
|
|
|a Washington, D.C. :
|b Island Press,
|c 2010.
|
| 300 |
|
|
|a xvii, 413 p. :
|b ill.
|
| 504 |
|
|
|a Includes bibliographical references and index.
|
| 505 |
0 |
0 |
|t Foreword /
|r Timothy E. Wirth --
|t Introduction /
|r Laurie Mazur --
|t Human population grows up /
|r Joel E. Cohen --
|t The largest generation comes of age /
|r Martha Farnsworth Riche --
|t People on the move : population, migration, and the environment /
|r Susan Gibbs --
|t The urban millennium /
|r United Nations Population Fund --
|t Climate change and population growth /
|r Brian C. O'Neill --
|t Fair weather, lasting world /
|r Robert Engelman --
|t Adapting to climate change : the role of reproductive health /
|r Malea Hoepf Young ... [et al.] --
|t Population growth, ecosystem services, and human well-being /
|r Lynne Gaffikin --
|t Numbers matter : human population as a dynamic factor in environmental degradation /
|r John Harte --
|t Environmental justice in an urbanizing world /
|r Gordon McGranahan --
|t The new economics of population change /
|r Rachel Nugent --
|t Food : will there be enough? /
|r Lester R. Brown --
|t Understanding the global food crisis : Malthusian nightmare or free-trade fiasco? /
|r Walden Bello --
|t How much is left? an overview of the water crisis /
|r Eleanor Sterling and Erin Vintinner --
|t The biggest footprint : population and consumption in the United States /
|r Vicky Markham --
|t Population growth, reproductive health, and the future of Africa /
|r Fred T. Sai --
|t Cancun : paradise lost /
|r Adriana Varillas --
|t The flip side : how the environment impacts our reproductive health /
|r Charlotte Brody and Julia Varshavsky --
|t Cairo : the unfinished revolution /
|r Carmen Barroso and Steven W. Sinding --
|t The new population challenge /
|r Judith Bruce and John Bongaarts --
|t Rethinking U.S. population policy /
|r Suzanne Petroni --
|t Going to extremes : population politics and reproductive rights in Peru /
|r Susana Chavez Alvarado with Jacqueline Nolley Echegaray --
|t Mobilizing constituencies : achieving sexual reproductive health and rights for all /
|r Adrienne Germain --
|t Women at the center /
|r Ellen Chesler --
|t Taking stock : linking population, health, and the environment /
|r Roger-Mark De Souza --
|t From crisis to sustainability /
|r James Gustave Speth --
|t Reproductive rights are human rights /
|r Jacqueline Nolley Echegaray and Shira Saperstein --
|t Over-breeding and the population bomb : the reemergence of nativism and population control in anti-immigration policies /
|r Priscilla Huang --
|t Christian perspectives on population issues /
|r James B. Martin-Schramm --
|t Ecomorality : toward an ethic of sustainability /
|r Ursula Goodenough --
|t Reconciling differences : population, reproductive rights, and the environment /
|r Frances Kissling --
|t Afterword : work for justice? /
|r Laurie Mazur and Shira Saperstein.
|
| 533 |
|
|
|a Electronic reproduction. Ann Arbor, MI : ProQuest, 2015. Available via World Wide Web. Access may be limited to ProQuest affiliated libraries.
|
| 650 |
|
0 |
|a Population
|x Environmental aspects.
|
| 650 |
|
0 |
|a Social justice.
|
| 650 |
|
0 |
|a Sustainable development.
|
| 655 |
|
4 |
|a Electronic books.
|
| 700 |
1 |
|
|a Mazur, Laurie Ann.
|
| 710 |
2 |
|
|a ProQuest (Firm)
|
| 856 |
4 |
0 |
|u https://ebookcentral.proquest.com/lib/matrademy/detail.action?docID=3317516
|z Click to View
|